O rei de roupa pouca (Registo nº 1528)

Detalhes MARC
000 -Etiqueta do registo
Cabeçalho 00738nam0a2200253 4500
005 - Identificador da versão
Campo de controlo 20240813121839.0
010 ## - Número internacional normalizado dos livros (ISBN)
Número (ISBN) 9789899879539
021 ## - Número do Depósito Legal
Código do país PT
Número 371136/14
100 ## - Dados gerais de processamento
Dados gerais de processamento 20150811d2014 c y0pory50030103ba
102 ## - Pais de publicação ou produção
País de publicação Portugal
101 0# - Língua de publicação
Língua do texto, banda sonora, etc. Português
215 ## - Descrição física 
Indicação específica da natureza do documento e extensão da espécie 29, [1] p.
Outras indicações físicas muito il. color
200 1# - Titulo e menção de responsabilidade
Título próprio O rei de roupa pouca
Primeira menção de responsabilidade texto e des. Pedro Teixeira Neves
205 ## - Menção da edição
Menção da edição 1ª ed
210 ## - Publicação, Distribuição, etc. 
Lugar da edição, distribuição, etc. Lisboa
Nome do editor, distribuidor, etc. Glaciar
Data da publicação, distribuição, etc. 2014
606 ## - Nome comum usado como assunto
Número de registo de entrada de autoridade 0002010
Palavra de ordem Literatura portuguesa
Subdivisão de assunto Conto
Código do sistema CA
675 ## - Classificação Decimal Universal (CDU)
Notação 821.134.3-34
Edição 3ª ed.
Língua da edição por
702 #1 - Nome de autor-pessoa física (responsabilidade secundária)
Número de registo de entrada de autoridade 0002413
Palavra de ordem Neves
Outra parte do nome não tomada para palavra de ordem Pedro Teixeira
Datas 1969-
Código de função Ilustrador / Técnico de desenho computorizado
700 #1 - Nome de autor-pessoa física (responsabilidade principal)
Número de registo de entrada de autoridade 0002412
Palavra de ordem Neves
Outra parte do nome não tomada para palavra de ordem Pedro Teixeira
Datas 1969-
966 ## - Identificação da Biblioteca
Sigla EB2,3ENM
942 ## - Elementos de entrada adicionados (Koha)
Tipo de item no Koha Livro
Exemplares
Situação do levantamento Origin of item (home branch) (coded) Biblioteca de empréstimo Código de barras Cota Data de devolução Circulation type (not for loan) Tipo de documento Nota do exemplar Damaged status
  Biblioteca Escolar Eng. Nuno Mergulhão Biblioteca Escolar Eng. Nuno Mergulhão BENM3661 82LP-34 NEV     Livro Sem mensagem